[Event "Mistrzostwa Polski Juniorów Młodszych"]
[Site "Suwałki, Poland"]
[Date "2025.04.27"]
[Round "6.5"]
[White "Olejko, Wojciech"]
[Black "Serafin, Franciszek"]
[Result "0-1"]
[WhiteElo "1837"]
[BlackElo "1955"]
[PlyCount "90"]
[EventDate "2025.??.??"]

1. d4 Nf6 2. c4 e6 3. Nf3 b6 4. g3 Bb7 5. Bg2 Be7 6. O-O O-O 7. Nc3 Ne4 8. Bd2 Nxc3 9. Bxc3 d6 10. Ne1 Bxg2 11. Nxg2 Nd7 12. e4 e5 13. d5 Nc5 14. Qc2 a5 15. f4 f6 16. f5 Qd7 17. Ne3 b5 18. b3 Rfb8 19. Rab1 b4 20. Bb2 a4 21. Rfd1 axb3 22. axb3 Ra2 23. Nf1 Rba8 24. h4 Qe8 25. Re1 Qh5 26. Re3 Qe8 27. Ree1 Qb8 28. Nd2 Qc8 29. Re3 Bd8 30. Kg2 Be7 31. g4 h6 32. h5 R8a6 33. Ree1 Qa8 34. Re3 Bd8 35. Rf3 c6 36. Re3 Bb6 37. Nf3 cxd5 38. cxd5 Na4 39. bxa4 Bxe3 40. Qb3 R6xa4 41. Qxe3 Qc8 42. Qd2 b3 43. Ne1 Rxe4 44. Qd1 Qc4 45. Kf3 Rxg4 0-1

[Event "Mistrzostwa Polski Juniorów Młodszych"]
[Site "Suwałki, Poland"]
[Date "2025.04.27"]
[Round "6.17"]
[White "Wasilewski, Mateusz"]
[Black "Sucharski, Jakub"]
[Result "0-1"]
[WhiteElo "1678"]
[BlackElo "1786"]
[PlyCount "84"]
[EventDate "2025.??.??"]

1. e4 d5 2. exd5 Qxd5 3. Nc3 Qd6 4. Bc4 Nc6 5. d3 Nf6 6. Nge2 e5 7. O-O Be7 8. Ne4 Nxe4 9. dxe4 Qg6 10. Nc3 Nd4 11. Nd5 Bh3 12. g3 Bxf1 13. Bxf1 Bd6 14. c3 Qxe4 15. Bg2 Qc2 16. Qxc2 Nxc2 17. Rb1 c6 18. Bd2 cxd5 19. Rc1 Na3 20. bxa3 Bxa3 21. Rb1 b6 22. Bxd5 Rd8 23. c4 Ke7 24. Re1 f6 25. f4 Kd6 26. fxe5+ fxe5 27. Bc3 Rhe8 28. Kg2 Bc5 29. a4 a5 30. h4 Bd4 31. Bd2 Rf8 32. Re2 Kc5 33. Bg5 Rde8 34. Bc1 Kb4 35. Ra2 Kc3 36. Bd2+ Kd3 37. Be1 Rf6 38. Rd2+ Ke3 39. Ra2 Ref8 40. Bd2+ Kd3 41. Be1 Rf1 42. Rd2+ Ke3 0-1

[Event "Mistrzostwa Polski Juniorów Młodszych"]
[Site "Suwałki, Poland"]
[Date "2025.04.27"]
[Round "6.14"]
[White "Perkowski, Jakub"]
[Black "Cieslar, Nikodem"]
[Result "0-1"]
[WhiteElo "1619"]
[BlackElo "1686"]
[PlyCount "104"]
[EventDate "2025.??.??"]

1. e4 e5 2. Nf3 Nc6 3. Bc4 Nf6 4. d4 exd4 5. O-O Nxe4 6. Re1 d5 7. Bxd5 Qxd5 8. Nc3 Qa5 9. Nxe4 Be6 10. Bf4 O-O-O 11. a3 Be7 12. b4 Qd5 13. Qd3 Bf5 14. b5 Na5 15. c3 Nb3 16. c4 Nc5 17. Qf1 Qxe4 18. Rxe4 Bxe4 19. Nd2 Bg6 20. Qe2 Bf6 21. Be5 Nd7 22. Bxf6 Nxf6 23. c5 Rhe8 24. Qc4 Ne4 25. Nxe4 Rxe4 26. b6 a6 27. c6 cxb6 28. cxb7+ Kxb7 29. Rc1 Re7 30. Qc6+ Ka7 31. a4 a5 32. f3 d3 33. Rd1 f6 34. Kf1 d2 35. Kf2 Rd4 36. Qc3 Rd3 37. Qc6 Bf7 38. Qb5 Red7 39. Rb1 R7d6 40. Rd1 Bb3 41. Rxd2 Rxd2+ 42. Kg3 Bf7 43. Qb1 Bg6 44. Qb3 Rd8 45. Qc4 R2d7 46. h4 h5 47. Kh3 Bf7 48. Qc2 Re7 49. g4 hxg4+ 50. fxg4 Red7 51. h5 Rd3+ 52. Kh4 g5+ 0-1

[Event "Mistrzostwa Polski Juniorów Młodszych"]
[Site "Suwałki, Poland"]
[Date "2025.04.27"]
[Round "6.24"]
[White "Ladon, Jeremi"]
[Black "Guzdziol, Olaf"]
[Result "1-0"]
[WhiteElo "1670"]
[BlackElo "1601"]
[PlyCount "83"]
[EventDate "2025.??.??"]

1. e4 c5 2. Nf3 Nc6 3. d4 cxd4 4. Nxd4 Nf6 5. Nc3 d6 6. Bc4 e6 7. Bb3 a6 8. Be3 Be7 9. Qe2 O-O 10. O-O-O Bd7 11. g4 Nxd4 12. Bxd4 e5 13. Be3 Nxg4 14. Rhg1 Nxe3 15. Qxe3 Kh8 16. Qg3 g6 17. f4 Bh4 18. Qe3 h6 19. Rxd6 Qe7 20. Qd3 Bc6 21. f5 Rad8 22. Rxd8 Rxd8 23. Qf3 Bg5+ 24. Kb1 Qf6 25. Nd5 Bxd5 26. Bxd5 Qb6 27. Rd1 gxf5 28. Qxf5 f6 29. a3 Qa5 30. h4 Bxh4 31. Rh1 Bg5 32. Qg6 Rxd5 33. exd5 Qxd5 34. Rh3 Qd1+ 35. Ka2 Qd5+ 36. b3 e4 37. Rc3 Qe6 38. Rc7 Qg8 39. Qxe4 h5 40. Qf5 Bh6 41. Rc8 Bf8 42. Qxf6+ 1-0

[Event "Mistrzostwa Polski Juniorów Młodszych"]
[Site "Suwałki, Poland"]
[Date "2025.04.27"]
[Round "6.26"]
[White "Kupczyk, Jan"]
[Black "Szczukiewicz, Wojciech"]
[Result "1/2-1/2"]
[WhiteElo "1524"]
[BlackElo "1615"]
[PlyCount "182"]
[EventDate "2025.??.??"]

1. e4 c5 2. Nf3 Nc6 3. c3 e6 4. d4 d5 5. exd5 Qxd5 6. Na3 a6 7. Nc4 Qd8 8. Nfe5 Nxe5 9. Nxe5 Bd6 10. Qa4+ b5 11. Bxb5+ Kf8 12. Bc6 Rb8 13. Nc4 Ne7 14. Nxd6 Qxd6 15. Bf3 Bd7 16. dxc5 Qe5+ 17. Qe4 Qxc5 18. Qf4 e5 19. Qd2 Bb5 20. Qe3 Qc7 21. Be2 Nf5 22. Qe4 Nd6 23. Qc2 Bxe2 24. Qxe2 Qb7 25. O-O f6 26. Rd1 Ke7 27. b4 Ne4 28. Rd3 Rhd8 29. Be3 Rxd3 30. Qxd3 Rd8 31. Qc2 Qd7 32. h3 Qc6 33. c4 f5 34. f3 f4 35. Bf2 Nxf2 36. Kxf2 Qb6+ 37. Kf1 Qxb4 38. Qe4 Qc5 39. Qb7+ Rd7 40. Qe4 Qd4 41. Qxd4 Rxd4 42. Rc1 Kd6 43. c5+ Kc6 44. Ke2 Rd5 45. Rc2 Rxc5 46. Rb2 g5 47. Kd3 Kd5 48. Rb4 Rc1 49. Rb2 Rd1+ 50. Ke2 Rg1 51. Kd3 Rd1+ 52. Ke2 Rd4 53. Rb3 e4 54. fxe4+ Kxe4 55. a3 h5 56. Rc3 g4 57. hxg4 hxg4 58. Rc2 f3+ 59. gxf3+ gxf3+ 60. Kf2 Ra4 61. Rc3 a5 62. Rxf3 Rc4 63. Rh3 Kd4 64. Ke2 Kc5 65. Kd2 Kb5 66. Rg3 Ka4 67. Rh3 Rc8 68. Rg3 Rb8 69. Kc2 Rc8+ 70. Kb2 Rc5 71. Rg4+ Kb5 72. Kb3 Rf5 73. a4+ Kc5 74. Rg3 Rf4 75. Ka3 Kc4 76. Rh3 Rd4 77. Rg3 Rd3+ 78. Rxd3 Kxd3 79. Kb3 Kd4 80. Ka3 Kc3 81. Ka2 Kb4 82. Kb2 Kxa4 83. Ka2 Kb4 84. Kb2 a4 85. Ka2 a3 86. Kb1 Kc3 87. Ka1 Kb3 88. Kb1 Kc3 89. Ka1 Kb3 90. Kb1 a2+ 91. Ka1 Ka3 1/2-1/2

[Event "Mistrzostwa Polski Juniorów Młodszych"]
[Site "Suwałki, Poland"]
[Date "2025.04.27"]
[Round "6.3"]
[White "Wolak, Jan"]
[Black "Brzezina, Pawel"]
[Result "1/2-1/2"]
[WhiteElo "1782"]
[BlackElo "2125"]
[PlyCount "127"]
[EventDate "2025.??.??"]

1. e4 e5 2. Nf3 Nc6 3. Bc4 Bc5 4. O-O Nf6 5. d3 d6 6. c3 a6 7. Bb3 Ba7 8. Nbd2 O-O 9. Re1 h6 10. Nf1 Be6 11. Ng3 Re8 12. Bc2 d5 13. Qe2 dxe4 14. dxe4 Nd7 15. Be3 Bxe3 16. Qxe3 Nb6 17. Rad1 Qf6 18. b3 Bg4 19. Nf5 Ne7 20. Nxe7+ Rxe7 21. Rd3 Bxf3 22. Qxf3 Qxf3 23. Rxf3 Rd8 24. Rd3 Rxd3 25. Bxd3 Rd7 26. Rd1 c5 27. Be2 Rxd1+ 28. Bxd1 Nc8 29. f3 Nd6 30. Be2 b5 31. Kf2 f6 32. Ke3 Kf7 33. g3 Kg6 34. f4 Kf7 35. Bf1 Ke7 36. Be2 Kd7 37. Bg4+ Ke7 38. Be2 a5 39. a4 b4 40. cxb4 cxb4 41. Ba6 Kd7 42. fxe5 fxe5 43. Be2 Kc6 44. Bg4 Kc5 45. Be6 Ne8 46. Bd5 Nf6 47. Be6 Kd6 48. Bc8 Kc6 49. h3 Nh5 50. Kf3 Kc5 51. Bg4 Nf6 52. Ke3 Nh7 53. Be2 Nf6 54. Bg4 Ng8 55. Be6 Ne7 56. Bc4 Nc6 57. Bd5 Nd4 58. Bc4 Nc2+ 59. Kd3 Nd4 60. Ke3 g5 61. Bf7 Kd6 62. Bc4 Kc6 63. Bd5+ Kc5 64. Bf7 1/2-1/2

[Event "Mistrzostwa Polski Juniorów Młodszych"]
[Site "Suwałki, Poland"]
[Date "2025.04.27"]
[Round "6.9"]
[White "Kaczmarek, Piotr"]
[Black "Mrozowski, Nikodem"]
[Result "0-1"]
[WhiteElo "1767"]
[BlackElo "1984"]
[PlyCount "44"]
[EventDate "2025.??.??"]

1. d4 Nf6 2. c4 g6 3. Nc3 d5 4. Bg5 Bg7 5. e3 c5 6. Nf3 Ne4 7. Bh4 Nxc3 8. bxc3 Qa5 9. Qd2 dxc4 10. Bxc4 Nc6 11. Rb1 a6 12. O-O O-O 13. d5 Rd8 14. Qc2 Ne5 15. Nxe5 Bxe5 16. Bxe7 Rd7 17. Bh4 b5 18. Qe4 Bxc3 19. d6 Bb7 20. Bd5 Qb6 21. Rfd1 Qxd6 22. Bxf7+ Rxf7 0-1

[Event "Mistrzostwa Polski Juniorów Młodszych"]
[Site "Suwałki, Poland"]
[Date "2025.04.27"]
[Round "6.6"]
[White "Chmielek, Milan"]
[Black "Kilarski, Kacper"]
[Result "1-0"]
[WhiteElo "1954"]
[BlackElo "1701"]
[PlyCount "55"]
[EventDate "2025.??.??"]

1. d4 Nf6 2. c4 e6 3. Nf3 Bb4+ 4. Bd2 a5 5. g3 d6 6. Bg2 Nbd7 7. O-O e5 8. Qc2 c6 9. Bg5 exd4 10. Nxd4 O-O 11. Nc3 Bxc3 12. Qxc3 Ne4 13. Bxd8 Nxc3 14. Bc7 Na4 15. b3 Nac5 16. Bxd6 Re8 17. Rfe1 Ne4 18. Ba3 Nf8 19. f3 Nf6 20. e4 Ne6 21. Nf5 b6 22. Rad1 Kh8 23. Nd6 Rf8 24. e5 Ng8 25. f4 g6 26. Bxc6 Rb8 27. Ne4 Rd8 28. Bd6 1-0

[Event "Mistrzostwa Polski Juniorów Młodszych"]
[Site "Suwałki, Poland"]
[Date "2025.04.27"]
[Round "6.15"]
[White "Cichocki, Aleksander"]
[Black "Lisek, Adam"]
[Result "1-0"]
[WhiteElo "1698"]
[BlackElo "1575"]
[PlyCount "89"]
[EventDate "2025.??.??"]

1. e4 d5 2. exd5 Qxd5 3. Nc3 Qd6 4. Nf3 Nf6 5. d4 a6 6. a3 Bg4 7. h3 Bh5 8. g4 Bg6 9. Bg2 Nbd7 10. Be3 Nb6 11. Ne5 Nfd5 12. Ne4 Bxe4 13. Bxe4 f6 14. Nd3 Nxe3 15. fxe3 Qg3+ 16. Ke2 O-O-O 17. Nc5 c6 18. Qd3 e5 19. Rag1 Qxg1 20. Rxg1 Bxc5 21. Qc3 Bd6 22. Qb3 Bc7 23. dxe5 fxe5 24. Rf1 g5 25. Rf7 h5 26. Qe6+ Kb8 27. Qe7 Rd7 28. Qf6 Rhd8 29. Rxd7 Rxd7 30. gxh5 Nc4 31. Bd3 Nxb2 32. h6 Nxd3 33. cxd3 b5 34. Qg7 Rxg7 35. hxg7 a5 36. g8=Q+ Kb7 37. Qxg5 b4 38. axb4 axb4 39. Qg4 c5 40. Qc4 Kb6 41. Kd2 Kc6 42. h4 Ba5 43. Qa6+ Bb6 44. h5 b3 45. Qa4+ 1-0

[Event "Mistrzostwa Polski Juniorów Młodszych"]
[Site "Suwałki, Poland"]
[Date "2025.04.27"]
[Round "6.11"]
[White "Pawlak, Mateusz"]
[Black "Bury, Marcel"]
[Result "1/2-1/2"]
[WhiteElo "1604"]
[BlackElo "1809"]
[PlyCount "91"]
[EventDate "2025.??.??"]

1. e4 c5 2. Nf3 Nc6 3. d4 cxd4 4. Nxd4 g6 5. Nc3 Bg7 6. Nxc6 bxc6 7. Bc4 d6 8. O-O Bb7 9. Qe2 Nf6 10. Be3 O-O 11. Rad1 Qc7 12. f4 Rfd8 13. Bb3 d5 14. e5 Nd7 15. Na4 e6 16. Nc5 Nxc5 17. Bxc5 Bf8 18. Bxf8 Rxf8 19. Rf3 c5 20. Kh1 Qb6 21. Rb1 Rfd8 22. Rh3 c4 23. Ba4 Qc5 24. Qg4 Qe7 25. Rh6 Qf8 26. Qh4 Qg7 27. c3 d4 28. Rd1 d3 29. Bb5 Bd5 30. Rd2 a6 31. Ba4 Rdc8 32. Qg5 Ra7 33. Rh3 Rb7 34. Qg3 Rcb8 35. Qf2 h5 36. Bd1 Qf8 37. Rg3 Qh6 38. Kg1 a5 39. Rg5 Kh7 40. Bxh5 gxh5 41. Qh4 Rxb2 42. Rxh5 Qxh5 43. Qxh5+ Kg8 44. Qg5+ Kf8 45. Rxb2 Rxb2 46. Qd8+ 1/2-1/2

[Event "Mistrzostwa Polski Juniorów Młodszych"]
[Site "Suwałki, Poland"]
[Date "2025.04.27"]
[Round "6.13"]
[White "Czech, Emil"]
[Black "Machaj, Szymon"]
[Result "1/2-1/2"]
[WhiteElo "1673"]
[BlackElo "1760"]
[PlyCount "80"]
[EventDate "2025.??.??"]

1. e4 c5 2. Nf3 e6 3. d4 cxd4 4. Nxd4 Nf6 5. Nc3 Nc6 6. a3 d5 7. exd5 Nxd5 8. Nxd5 Qxd5 9. Be3 Nxd4 10. Qxd4 Qxd4 11. Bxd4 Bd7 12. Be2 Bc6 13. O-O-O Rg8 14. Rhe1 Be7 15. g3 a6 16. Bb6 Bd8 17. Bc5 Be7 18. Bb6 Rc8 19. Rd2 Bd5 20. f4 Rc6 21. Bf2 g6 22. g4 f5 23. gxf5 gxf5 24. Bd4 Kd7 25. Be5 Kc8 26. Bd3 Bh4 27. Rf1 Bc4 28. Rfd1 Bxd3 29. Rxd3 Rg2 30. R3d2 Rg6 31. Rd7 Rg2 32. c3 Rxh2 33. Rxh7 b5 34. Bf6 Bxf6 35. Rxh2 e5 36. fxe5 Bxe5 37. Rf2 f4 38. Rd5 Bc7 39. Kc2 Kb7 40. Kb3 Kb6 1/2-1/2

[Event "Mistrzostwa Polski Juniorów Młodszych"]
[Site "Suwałki, Poland"]
[Date "2025.04.27"]
[Round "6.25"]
[White "Wiekiera, Tomasz"]
[Black "Dorowski, Nataniel"]
[Result "1-0"]
[WhiteElo "1613"]
[BlackElo "1621"]
[PlyCount "97"]
[EventDate "2025.??.??"]

1. d4 d5 2. c4 e6 3. Nf3 Nf6 4. Nc3 b6 5. cxd5 exd5 6. Bg5 Be7 7. e3 O-O 8. Bd3 Re8 9. Qc2 h6 10. Bh4 Nbd7 11. O-O Bb7 12. h3 a6 13. Bg3 Nf8 14. Rac1 Bd6 15. Ne2 Rc8 16. Ne5 c5 17. Qb1 c4 18. Bf5 Rc7 19. Nc3 b5 20. Bh4 g6 21. Bc2 Be7 22. Bg3 Rc8 23. f4 b4 24. Ne2 Bd6 25. Bh4 Be7 26. g4 N6h7 27. Bxe7 Qxe7 28. Rf3 a5 29. Rcf1 Ba6 30. Ba4 c3 31. Bxe8 Bxe2 32. Bxf7+ Kg7 33. Bxd5 Nf6 34. Bf7 c2 35. Qc1 Bxf3 36. Rxf3 a4 37. Bc4 N6d7 38. Qxc2 Nxe5 39. fxe5 Ne6 40. Rf6 Qe8 41. Qd3 Nf8 42. Qf1 Rc7 43. e6 Qb8 44. e7 Nh7 45. Rf7+ Kh8 46. Rxh7+ Kxh7 47. Qf7+ Kh8 48. Qf8+ Qxf8 49. exf8=Q+ 1-0

[Event "Mistrzostwa Polski Juniorów Młodszych"]
[Site "Suwałki, Poland"]
[Date "2025.04.27"]
[Round "6.18"]
[White "Radziszewski, Leon"]
[Black "Kiecana, Ignacy"]
[Result "1-0"]
[WhiteElo "1598"]
[BlackElo "1744"]
[PlyCount "69"]
[EventDate "2025.??.??"]

1. e4 c5 2. Nf3 d6 3. d4 cxd4 4. Nxd4 Nf6 5. Nc3 a6 6. Be3 e5 7. Nb3 Be6 8. f4 Qc7 9. f5 Bc4 10. g4 Bxf1 11. Rxf1 b5 12. g5 b4 13. gxf6 bxc3 14. fxg7 Bxg7 15. f6 Bf8 16. bxc3 Qxc3+ 17. Qd2 Qxd2+ 18. Bxd2 Nc6 19. Rf3 h5 20. Rg3 Kd7 21. O-O-O Ke6 22. Rf1 Bh6 23. Bxh6 Rxh6 24. Rgf3 Rg8 25. c4 Rg2 26. c5 Rxa2 27. cxd6 Kxd6 28. Rd1+ Kc7 29. Rd2 Rxd2 30. Kxd2 Rg6 31. Rh3 Rg5 32. Nc5 Kb6 33. Nd7+ Kc7 34. Nc5 a5 35. Ne6+ 1-0

[Event "Mistrzostwa Polski Juniorów Młodszych"]
[Site "Suwałki, Poland"]
[Date "2025.04.27"]
[Round "6.2"]
[White "Buklaho, Ignacy"]
[Black "Wites, Adam"]
[Result "1/2-1/2"]
[WhiteElo "1932"]
[BlackElo "1901"]
[PlyCount "92"]
[EventDate "2025.??.??"]

1. c4 Nf6 2. Nc3 e6 3. e4 d5 4. cxd5 exd5 5. e5 d4 6. exf6 dxc3 7. Bb5+ c6 8. Qe2+ Be6 9. Bc4 Qxf6 10. dxc3 Be7 11. Bxe6 Qxe6 12. Qxe6 fxe6 13. Nf3 Nd7 14. O-O O-O 15. Be3 Bc5 16. Rad1 Bxe3 17. Rxd7 Bb6 18. Re1 Rae8 19. h3 Rf7 20. Red1 Ree7 21. Rxe7 Rxe7 22. Ne5 Bc7 23. f4 Bxe5 24. fxe5 Kf7 25. Kf2 Kg6 26. g4 h5 27. Kg3 Kg5 28. h4+ Kg6 29. Rd6 Kh6 30. Rd8 Kg6 31. Rd6 Kh6 32. a4 Kg6 33. a5 a6 34. b4 Kh6 35. c4 Kg6 36. Rd8 Rc7 37. Rd6 Re7 38. c5 Kh6 39. gxh5 Kxh5 40. Rd8 g5 41. Rh8+ Kg6 42. Rg8+ Kh7 43. Rxg5 Rd7 44. Rg4 Rd5 45. Re4 Rd3+ 46. Kf4 Kg6 1/2-1/2

[Event "Mistrzostwa Polski Juniorów Młodszych"]
[Site "Suwałki, Poland"]
[Date "2025.04.27"]
[Round "6.10"]
[White "Kucewicz, Piotr"]
[Black "Zajadlak, Milosz"]
[Result "0-1"]
[WhiteElo "1764"]
[BlackElo "1835"]
[PlyCount "50"]
[EventDate "2025.??.??"]

1. Nf3 d5 2. c4 e6 3. g3 c5 4. Bg2 Nf6 5. O-O Nc6 6. cxd5 exd5 7. d4 Be7 8. dxc5 Bxc5 9. a3 a5 10. b3 O-O 11. Bb2 Be6 12. e3 Qe7 13. Nc3 Rfd8 14. Ne2 Rd7 15. Ned4 Rad8 16. Qe2 Bg4 17. Rfd1 Re8 18. h3 Bh5 19. Qb5 Bxd4 20. Bxd4 Ne4 21. Bb2 Nxf2 22. Rxd5 Rxd5 23. Qxd5 Bg6 24. Kxf2 Qxe3+ 25. Kf1 Bd3+ 0-1

[Event "Mistrzostwa Polski Juniorów Młodszych"]
[Site "Suwałki, Poland"]
[Date "2025.04.27"]
[Round "6.7"]
[White "Kopia, Julian"]
[Black "Czech, Franciszek"]
[Result "1-0"]
[WhiteElo "1814"]
[BlackElo "1864"]
[PlyCount "147"]
[EventDate "2025.??.??"]

1. e4 c5 2. Nf3 d6 3. d4 cxd4 4. Nxd4 Nf6 5. Nc3 a6 6. Be2 e5 7. Nb3 Be6 8. O-O Be7 9. Be3 Nbd7 10. a4 O-O 11. Kh1 Rc8 12. f4 Qc7 13. Rc1 Nb6 14. Bxb6 Qxb6 15. Nd5 Bxd5 16. exd5 Qb4 17. a5 Nd7 18. c3 Qe4 19. Bd3 Qe3 20. Nd4 exd4 21. Rf3 Qxc1 22. Qxc1 Bd8 23. Bf5 Rc7 24. Bxd7 Rxd7 25. Qa1 Bf6 26. h3 dxc3 27. bxc3 Rc7 28. Re3 Rfc8 29. Qe1 Kf8 30. Qb1 g6 31. Qb4 Rd7 32. f5 Rc5 33. fxg6 hxg6 34. c4 Rdc7 35. Re4 Rd7 36. Kg1 Kg7 37. Kf2 Bd8 38. Qa4 Rdc7 39. Qe8 Bf6 40. Qa4 Bc3 41. Qa3 Bf6 42. Qb4 Rd7 43. Re2 Bd8 44. Ra2 Bf6 45. Ke2 Re7+ 46. Kd3 Rd7 47. g4 Rdc7 48. Rg2 Rd7 49. Rh2 Bd8 50. Ra2 Bf6 51. Qa4 Rdc7 52. Rg2 Bg5 53. Qa1+ Bf6 54. Qa2 Bg5 55. Rb2 Bd8 56. Rb4 Bf6 57. Rb6 Be5 58. Qa4 Bf4 59. Qb4 Be5 60. Rxb7 Rxb7 61. Qxb7 Rxa5 62. Qb4 Rc5 63. Ke4 Bh2 64. h4 a5 65. Qa4 Be5 66. Kd3 Bg3 67. h5 gxh5 68. gxh5 Kh6 69. Qe8 Kxh5 70. Qxf7+ Kg4 71. Qg6+ Kf3 72. Qe4+ Kf2 73. Qe2+ Kg1 74. Ke4 1-0

[Event "Mistrzostwa Polski Juniorów Młodszych"]
[Site "Suwałki, Poland"]
[Date "2025.04.27"]
[Round "6.19"]
[White "Janeczek, Maksymilian"]
[Black "Jedlikowski, Jan"]
[Result "1/2-1/2"]
[WhiteElo "1748"]
[BlackElo "1530"]
[PlyCount "91"]
[EventDate "2025.??.??"]

1. e4 e6 2. Nf3 d5 3. Nc3 Nf6 4. e5 Nfd7 5. d4 a6 6. Bd3 c5 7. dxc5 Nxc5 8. Be3 Nc6 9. Bxc5 Bxc5 10. O-O Qc7 11. Re1 b5 12. a3 Qb6 13. Qe2 Bd7 14. Rf1 Rc8 15. Rae1 Nd4 16. Nxd4 Bxd4 17. Nd1 Bc5 18. Ne3 d4 19. Nd1 b4 20. Bxa6 Ra8 21. Bd3 bxa3 22. bxa3 Rxa3 23. Qg4 g6 24. Qh4 Be7 25. Qf4 h5 26. Qc1 Ra7 27. Nb2 Bb5 28. Qb1 Bxd3 29. cxd3 O-O 30. Nc4 Qxb1 31. Rxb1 Rd8 32. Ra1 Rxa1 33. Rxa1 Rb8 34. g3 Rb3 35. Rd1 Kg7 36. Kg2 f5 37. f4 g5 38. Kf3 g4+ 39. Ke2 Bb4 40. Ra1 Rc3 41. Ra2 Rc1 42. Ra4 Bc3 43. Ra7+ Kf8 44. Rh7 Rc2+ 45. Kd1 Rxh2 46. Nd6 1/2-1/2

[Event "Mistrzostwa Polski Juniorów Młodszych"]
[Site "Suwałki, Poland"]
[Date "2025.04.27"]
[Round "6.4"]
[White "Sniedziewski, Emil"]
[Black "Szeszycki, Jan"]
[Result "1-0"]
[WhiteElo "1985"]
[BlackElo "1875"]
[PlyCount "87"]
[EventDate "2025.??.??"]

1. e4 e6 2. d4 d5 3. Nd2 Nf6 4. Bd3 c5 5. c3 cxd4 6. cxd4 dxe4 7. Nxe4 Bd7 8. Nf3 Bc6 9. Nxf6+ Qxf6 10. Bg5 Bxf3 11. Qc1 Bb4+ 12. Kf1 Bc6 13. Bxf6 gxf6 14. Qf4 Be7 15. Be4 Bxe4 16. Qxe4 Nc6 17. g3 O-O 18. Kg2 Rad8 19. Rhd1 Rd5 20. Rd3 f5 21. Qe3 Bf6 22. Rad1 Rfd8 23. Qh6 Bg7 24. Qf4 Nxd4 25. Qc7 R5d7 26. Qc5 a6 27. f4 Bf6 28. b3 Rd6 29. Qb4 R6d7 30. Qb6 Kg7 31. Rc1 Nc6 32. Rxd7 Rxd7 33. Rxc6 bxc6 34. Qxa6 c5 35. a4 Rd2+ 36. Kf1 Rxh2 37. Qc4 Rb2 38. a5 Bd4 39. a6 Kg6 40. a7 Rb1+ 41. Ke2 Rb2+ 42. Kd3 Ra2 43. Qa4 c4+ 44. Kxd4 1-0

[Event "Mistrzostwa Polski Juniorów Młodszych"]
[Site "Suwałki, Poland"]
[Date "2025.04.27"]
[Round "6.20"]
[White "Wojtun, Maksymilian"]
[Black "Tyszka, Kacper"]
[Result "1-0"]
[WhiteElo "1694"]
[BlackElo "1508"]
[PlyCount "27"]
[EventDate "2025.??.??"]

1. e4 c5 2. Nf3 d6 3. d4 cxd4 4. Nxd4 Nf6 5. Nc3 a6 6. f4 e6 7. Qf3 Nc6 8. Be3 d5 9. O-O-O Nxd4 10. Bxd4 Bb4 11. exd5 Nxd5 12. Nxd5 Qxd5 13. Bf6 Qxf3 14. Rd8# 1-0

[Event "Mistrzostwa Polski Juniorów Młodszych"]
[Site "Suwałki, Poland"]
[Date "2025.04.27"]
[Round "6.16"]
[White "Malinowski, Tobiasz"]
[Black "Bednarek, Jan"]
[Result "0-1"]
[WhiteElo "1653"]
[BlackElo "1989"]
[PlyCount "60"]
[EventDate "2025.??.??"]

1. d4 Nf6 2. Nf3 e6 3. e3 d5 4. Bd3 c5 5. b3 b6 6. Bb2 Bb7 7. Nbd2 Nbd7 8. Qe2 Be7 9. O-O O-O 10. Ne5 Nxe5 11. dxe5 Ne4 12. Bxe4 dxe4 13. Rad1 Qc7 14. Qg4 Qc6 15. Nc4 Ba6 16. Rd6 Bxd6 17. exd6 f6 18. f4 Bxc4 19. bxc4 Qxd6 20. h4 Kh8 21. h5 h6 22. Kh2 Rad8 23. Qg6 Qd2 24. Qxe4 Qe2 25. Rf3 Rd2 26. Rg3 Qxh5+ 27. Rh3 Qf5 28. Qb7 Rxc2 29. Rg3 Qh5+ 30. Rh3 Qf7 0-1

[Event "Mistrzostwa Polski Juniorów Młodszych"]
[Site "Suwałki, Poland"]
[Date "2025.04.27"]
[Round "6.21"]
[White "Guss, Hubert"]
[Black "Szuminski, Jakub"]
[Result "0-1"]
[WhiteElo "1599"]
[BlackElo "1698"]
[PlyCount "112"]
[EventDate "2025.??.??"]

1. e4 c5 2. Nf3 e6 3. d4 cxd4 4. Nxd4 Nf6 5. Nc3 Nc6 6. f3 Bb4 7. Bf4 d5 8. Nxc6 bxc6 9. Be5 O-O 10. a3 Be7 11. Bd3 d4 12. Ne2 Qa5+ 13. Qd2 Qxe5 14. f4 Qc7 15. Nxd4 Rd8 16. Ne2 Nxe4 17. Qe3 Nf6 18. Rf1 Qb6 19. Qxb6 axb6 20. O-O-O Ba6 21. Bxa6 Rxa6 22. Nd4 b5 23. Rfe1 b4 24. h3 bxa3 25. bxa3 Bxa3+ 26. Kb1 Rb8+ 27. Nb3 Nd5 28. Rd3 c5 29. c4 Nb4 30. Rd2 Nc6 31. Kc2 Bb4 32. Red1 Bxd2 33. Nxd2 Ra2+ 34. Kd3 Rxd2+ 35. Rxd2 Rd8+ 36. Kc3 Rxd2 37. Kxd2 Kf8 38. g4 f5 39. g5 Ke7 40. Ke3 g6 41. h4 Kd6 42. Kd3 e5 43. Ke3 exf4+ 44. Kxf4 Ne5 45. h5 Nxc4 46. h6 Ne5 47. Ke3 c4 48. Kd4 f4 49. Ke4 f3 50. Ke3 c3 51. Kf2 c2 52. Kg3 c1=Q 53. Kh2 Qf4+ 54. Kg1 Qg3+ 55. Kf1 Qg2+ 56. Ke1 Qe2# 0-1

[Event "Mistrzostwa Polski Juniorów Młodszych"]
[Site "Suwałki, Poland"]
[Date "2025.04.27"]
[Round "6.8"]
[White "Bilochenko, Matvii"]
[Black "Koch, Maciej"]
[Result "1-0"]
[WhiteElo "2027"]
[BlackElo "1668"]
[PlyCount "88"]
[EventDate "2025.??.??"]

1. e4 c5 2. Nf3 g6 3. c3 Bg7 4. d4 cxd4 5. cxd4 d5 6. e5 Bg4 7. Bb5+ Nd7 8. O-O e6 9. Nc3 a6 10. Bxd7+ Qxd7 11. h3 Bxf3 12. Qxf3 Ne7 13. Bg5 Nc6 14. Rad1 O-O 15. h4 Rfc8 16. h5 Ne7 17. Rd3 h6 18. Bf6 Nf5 19. g4 Bxf6 20. gxf5 Bg7 21. f6 Bf8 22. Qg4 Kh7 23. Rg3 g5 24. Kh1 Bb4 25. Rfg1 Rg8 26. f4 Raf8 27. Qe2 Qe8 28. Qe3 g4 29. Rxg4 Rxg4 30. Rxg4 Rg8 31. Qg3 Rxg4 32. Qxg4 Qg8 33. Qxg8+ Kxg8 34. Ne2 Kf8 35. f5 exf5 36. Kg2 Ke8 37. Ng3 Kd7 38. Nxf5 Bd2 39. Kf3 Ke6 40. Kg4 Bc1 41. Ng7+ Kd7 42. Kf5 Bxb2 43. e6+ fxe6+ 44. Nxe6 Ke8 {Ke4} 1-0

[Event "Mistrzostwa Polski Juniorów Młodszych"]
[Site "Suwałki, Poland"]
[Date "2025.04.27"]
[Round "6.12"]
[White "Kopacki, Aleksander"]
[Black "Szokalo, Jan"]
[Result "1-0"]
[WhiteElo "1980"]
[BlackElo "1591"]
[PlyCount "139"]
[EventDate "2025.??.??"]

1. e4 a6 2. d4 e6 3. f4 Nc6 4. Nf3 g6 5. Bd3 Bg7 6. Be3 Nge7 7. O-O O-O 8. Qd2 Re8 9. Nc3 d6 10. Rad1 b5 11. Qf2 Nb4 12. g4 Nxd3 13. cxd3 f6 14. h4 h6 15. Nh2 Kh7 16. Qg3 Rf8 17. Kf2 Bb7 18. Rg1 Qe8 19. a3 Rg8 20. Qh3 Bc8 21. Ne2 f5 22. gxf5 exf5 23. e5 h5 24. Rc1 Ra7 25. Nf3 Bh6 26. Qg3 Rb7 27. Ng5+ Bxg5 28. Qxg5 d5 29. Bd2 Bd7 30. Rc5 Rg7 31. Qf6 Rb6 32. Qg5 Rb7 33. Ng3 Rg8 34. Rgc1 c6 35. Ba5 Nc8 36. Ne2 Qe7 37. Qg3 Qe8 38. R1c2 Ne7 39. Ng1 Nc8 40. Nf3 Na7 41. Rc1 Qe7 42. Bb4 Qe8 43. Ba5 Be6 44. R5c2 Kh8 45. Nd2 Rgg7 46. Nb3 Bc8 47. Bb4 Kh7 48. Na5 Rbc7 49. Bc5 Bd7 50. Bb6 Be6 51. Bxc7 Rxc7 52. b4 Bd7 53. Qg5 Be6 54. Kf3 Kg7 55. Nb3 Kh7 56. Nc5 Bc8 57. e6 Kg7 58. Rg1 Kh7 59. Qf6 Re7 60. Rxg6 Qxg6 61. Qxe7+ Kh6 62. Rg2 Qg4+ 63. Rxg4 hxg4+ 64. Kg3 a5 65. Qxa7 axb4 66. e7 Bd7 67. Qxd7 b3 68. e8=Q b2 69. Qh5+ Kxh5 70. Qh7# 1-0

[Event "Mistrzostwa Polski Juniorów Młodszych"]
[Site "Suwałki, Poland"]
[Date "2025.04.27"]
[Round "6.1"]
[White "Ejsymont, Eryk"]
[Black "Markowski, Adam"]
[Result "1-0"]
[WhiteElo "1908"]
[BlackElo "1790"]
[PlyCount "75"]
[EventDate "2025.??.??"]

1. e4 e6 2. d4 d5 3. Nd2 c5 4. exd5 Qxd5 5. Ngf3 cxd4 6. Bc4 Qd7 7. Nb3 Nc6 8. O-O a6 9. a4 Qc7 10. Qe2 Bd6 11. Rd1 Nge7 12. Nbxd4 Nxd4 13. Rxd4 Bd7 14. h3 Nf5 15. Rd1 h6 16. b3 Rd8 17. Bb2 O-O 18. Ne5 Bc8 19. Bd3 f6 20. Ng6 Rfe8 21. Qh5 Qf7 22. g4 Ne7 23. Nxe7+ Rxe7 24. Bg6 Qf8 25. Rd3 Bc7 26. Ba3 Rxd3 27. Bxd3 Qd8 28. Qg6 f5 29. Bxe7 Qxe7 30. gxf5 exf5 31. Bc4+ Kh8 32. Qf7 Qxf7 33. Bxf7 g5 34. Re1 Kg7 35. Be6 Ba5 36. Re2 Bxe6 37. Rxe6 Bd8 38. Rd6 1-0